000 00785cab a2200253 4500
001 WB3219-32
008 090401t1996 xxu||||| |||| 00| 0 eng d
035 _a(Sirsi) u1743
041 _aeng
245 _aPFI schemes
260 _c1996
350 _a0
490 _aProperty Week
_v55(7) 16 May 1996, 7(1)
520 _aFacilities management providers are gearing up to become leaders of the consortia bidding for contracts under the government`s PFI scheme.
650 _aFACILITIES MANAGEMENT COMPANIES
650 _aFACILITIES MANAGEMENT
_96240
650 _aMOWLEM FACILITIES MANAGEMENT
650 _aPRIVATE FINANCE INITIATIVE
650 _aPROCORD
650 _aSYMONDS
690 _aPROPERTY-PROPERTY FINANCE AND INVESTMENT
942 _n0
948 _c04/03/1997
999 _c1001
_d1001